Applied thermodynamics. (Record no. 545805)

000 -LEADER
fixed length control field 00457cam a22001691 4500
082 ## - DEWEY DECIMAL CLASSIFICATION NUMBER
Classification number 621.4021
Author Mark WAL
-- L-12, P-4
100 1# - MAIN ENTRY--PERSONAL NAME
Personal name Walshaw, A. C.
9 (RLIN) 41762
245 10 - TITLE STATEMENT
Title Applied thermodynamics.
250 ## - EDITION STATEMENT
Edition statement 2d ed.
260 ## - PUBLICATION, DISTRIBUTION, ETC.
Place of publication, distribution, etc. London,
Name of publisher, distributor, etc. Blackie,
Date of publication, distribution, etc. 1953.
300 ## - PHYSICAL DESCRIPTION
Extent xix, 612 p.
Other physical details illus.
Dimensions 23 cm.
526 ## - STUDY PROGRAM INFORMATION NOTE
Program name 0
Interest level 0
Reading level 0
Title point value 621_402100000000000_WAL
650 #0 - SUBJECT ADDED ENTRY--TOPICAL TERM
Topical term or geographic name entry element Heat-engines.
9 (RLIN) 38614
650 #0 - SUBJECT ADDED ENTRY--TOPICAL TERM
Topical term or geographic name entry element MCE
9 (RLIN) 379
650 #0 - SUBJECT ADDED ENTRY--TOPICAL TERM
Topical term or geographic name entry element Thermodynamics.
9 (RLIN) 7134
942 ## - ADDED ENTRY ELEMENTS (KOHA)
Source of classification or shelving scheme
Koha item type Book
Holdings
Withdrawn status Lost status Source of classification or shelving scheme Damaged status Not for loan Permanent Location Current Location Date acquired Total Checkouts Full call number Barcode Date last seen Price effective from Koha item type
          Military College of Engineering (MCE) Military College of Engineering (MCE) 05/29/2014   621.4021 WAL MCE-393 05/29/2014 05/29/2014 Book
© 2023 Central Library, National University of Sciences and Technology. All Rights Reserved.